[Event "Lilla Elite Hotels Open 2019"]
[Site "Vaxjo"]
[Date "2019.02.08"]
[Round "1.1"]
[White "Seo, Jung Hyun"]
[Black "Muntean, Felix"]
[Result "1-0"]
[WhiteElo "1534"]
[BlackElo "1298"]
[Annotator "NA RC"]
[PlyCount "123"]
[EventDate "2019.02.08"]
[EventType "swiss"]
[EventCountry "SWE"]
[SourceTitle "playchess.com"]
[Source "ChessBase"]
[SourceQuality "1"]
[TimeControl "5400+30"]

1. e4 {[%emt 1:15:21]} e5 {[%emt 1:15:22]} 2. Bc4 {[%emt 0:00:26]} Nc6 {[%emt 0:00:28]} 3. Nc3 {[%emt 0:00:26]} Bc5 {[%emt 0:00:28]} 4. Nf3 {[%emt 0:00:32]} d6 {[%emt 0:00:31]} 5. h3 {[%emt 0:00:29]} Nf6 {[%emt 0:00:28]} 6. d3 {[%emt 0:00:27]} Be6 {[%emt 0:00:27]} 7. Bb3 {[%emt 0:00:37]} O-O {[%emt 0:00:30]} 8. O-O {[%emt 0:00:27]} Qd7 {[%emt 0:00:36]} 9. Ng5 {[%emt 0:02:32]} h6 {[%emt 0:00:54]} 10. Nxe6 {[%emt 0:00:27]} fxe6 {[%emt 0:00:28]} 11. a3 {[%emt 0:00:56]} Nd4 {[%emt 0:00:44]} 12. Ba2 {[%emt 0:00:42]} c6 {[%emt 0:01:04]} 13. Be3 {[%emt 0:01:03]} Kh8 {[%emt 0:00:57]} 14. Na4 {[%emt 0:01:04]} Bb6 {[%emt 0:01:20]} 15. c3 {[%emt 0:00:43]} c5 {[%emt 0:01:54]} 16. Nxb6 {[%emt 0:01:13]} axb6 {[%emt 0:00:32]} 17. cxd4 {[%emt 0:00:26]} exd4 {[%emt 0:00:33]} 18. Bf4 {[%emt 0:00:40]} e5 {[%emt 0:00:30]} 19. Bh2 {[%emt 0:00:27]} Qe8 {[%emt 0:00:42]} 20. Bb3 {[%emt 0:01:05]} Qg6 {[%emt 0:00:50]} 21. Qd2 {[%emt 0:01:10]} Nh5 {[%emt 0:00:46]} 22. Bd1 {[%emt 0:02:01]} Nf4 {[%emt 0:00:43]} 23. Bxf4 {[%emt 0:00:26]} Rxf4 {[%emt 0:00:35]} 24. Bg4 {[%emt 0:01:19]} h5 {[%emt 0:00:53]} 25. Bf5 {[%emt 0:00:35]} Qh6 {[%emt 0:01:11]} 26. g3 {[%emt 0:01:05]} Rf3 {[%emt 0:00:53]} 27. Qxh6+ {[%emt 0:00:28]} gxh6 {[%emt 0:00:29]} 28. Rad1 {[%emt 0:00:27]} Rg8 {[%emt 0:00:35]} 29. Kg2 {[%emt 0:00:26]} Rf4 {[%emt 0:00:27]} 30. Kh2 {[%emt 0:00:58]} Rf3 {[%emt 0:01:08]} 31. Rd2 {[%emt 0:00:44]} h4 {[%emt 0:01:15]} 32. g4 {[%emt 0:00:30]} Rg5 {[%emt 0:00:48]} 33. Kg2 {[%emt 0:00:51]} Rf4 {[%emt 0:00:28]} 34. f3 {[%emt 0:00:35]} Kg8 {[%emt 0:00:44]} 35. Kf2 {[%emt 0:00:33]} Kf8 {[%emt 0:00:28]} 36. b4 {[%emt 0:00:27]} Ke8 {[%emt 0:00:34]} 37. bxc5 {[%emt 0:00:27]} bxc5 {[%emt 0:00:46]} 38. Rb1 {[%emt 0:00:31]} Rg7 {[%emt 0:00:36]} 39. Rdb2 {[%emt 0:00:27]} Kd8 {[%emt 0:00:37]} 40. Rxb7 {[%emt 0:00:27]} Rxb7 {[%emt 0:00:30]} 41. Rxb7 {[%emt 0:00:27]} Ke8 {[%emt 0:00:26]} 42. a4 {[%emt 0:00:37]} d5 {[%emt 0:00:33]} 43. exd5 {[%emt 0:00:34]} c4 {[%emt 0:00:31]} 44. dxc4 {[%emt 0:00:38]} e4 {[%emt 0:00:41]} 45. Bxe4 {[%emt 0:00:26]} Rf6 {[%emt 0:00:27]} 46. Rb8+ {[%emt 0:00:32]} Kd7 {[%emt 0:00:30]} 47. Bf5+ {[%emt 0:00:27]} Kc7 {[%emt 0:00:27]} 48. Rc8+ {[%emt 0:00:27]} Kb7 {[%emt 0:00:27]} 49. Rc6 {[%emt 0:00:27]} Rxc6 {[%emt 0:00:38]} 50. dxc6+ {[%emt 0:00:26]} Kxc6 {[%emt 0:00:27]} 51. Ke2 {[%emt 0:00:26]} Kc5 {[%emt 0:00:26]} 52. Be6 {[%emt 0:00:29]} Kb4 {[%emt 0:00:27]} 53. Kd3 {[%emt 0:00:26]} Kxa4 {[%emt 0:00:27]} 54. Kxd4 {[%emt 0:00:26]} Ka5 {[%emt 0:00:26]} 55. Kc5 {[%emt 0:00:26]} Ka6 {[%emt 0:00:26]} 56. Kc6 {[%emt 0:00:26]} Ka7 {[%emt 0:00:26]} 57. Kc7 {[%emt 0:00:26]} Ka8 {[%emt 0:00:26]} 58. c5 {[%emt 0:00:26]} Ka7 {[%emt 0:00:27]} 59. c6 {[%emt 0:00:26]} Ka8 {[%emt 0:00:26]} 60. Kb6 {[%emt 0:00:26]} Kb8 {[%emt 0:00:26]} 61. c7+ {[%emt 0:00:27]} Ka8 {[%emt 0:00:26]} 62. c8=Q# 1-0

[Event "Lilla Elite Hotels Open 2019"]
[Site "Vaxjo"]
[Date "2019.02.08"]
[Round "1.2"]
[White "Sjolander, Johan"]
[Black "Johansson, Jan"]
[Result "1/2-1/2"]
[WhiteElo "1290"]
[BlackElo "2344"]
[Annotator "TA"]
[PlyCount "106"]
[EventDate "2019.02.08"]
[EventType "swiss"]
[EventCountry "SWE"]
[SourceTitle "playchess.com"]
[Source "ChessBase"]
[SourceQuality "1"]

{[%evp 9,106,35,49,25,18,29,34,27,41,10,21,0,0,0,0,0,94,-29,-34,-50,-47,-43,-17,-49,-24,-171,-158,-247,-175,-775,-506,-507,-149,-129,-119,-117,-117,-126,-129,-113,-123,-237,-174,-254,-235,-215,371,368,327,276,475,444,394,420,500,476,517,316,370,-26,494,453,506,501,479,475,583,564,1940,1717,29953,29955,29957,9651,2655,721,6303,6287,12058,6199,1534,0,0,0,0,0,0,0,0,0,0,0,0,0,0,0,0,0,0]} 1. e4 c5 2. Nc3 d6 3. d4 cxd4 4. Qxd4 Nf6 (4... Nc6 5. Bb5 Nf6 6. Bg5 Nd7 7. Qd2 a6 8. Be2 h6 9. Be3 e6 10. a4 b6 11. Nf3 {0-1 (61) Zvjaginsev,V (2642)-Fedoseev,V (2719) St Petersburg 2018}) 5. Bg5 e5 $146 ({Predecessor:} 5... Nc6 6. Qd2 e6 7. O-O-O a6 8. f4 h6 9. Bh4 Nxe4 10. Nxe4 Qxh4 11. Nxd6+ Bxd6 12. Qxd6 {½-½ (27) Cabarkapa,N (2451)-Lapcevic,M (2368) Valjevo 2018}) 6. Qe3 {B23: Closed Sicilian: Lines without g3} (6. Qa4+ {is interesting.} Bd7 7. Qb3 Be7 8. O-O-O Bc6 9. Bxf6 Bxf6 10. Bb5) 6... Be7 7. Nf3 Be6 8. Be2 {White is slightly better.} Nbd7 9. O-O O-O 10. h3 h6 11. Bxf6 Nxf6 12. Rfd1 a6 {[#]} (12... Qc7 $11) 13. Rd2 (13. Nxe5 $1 $16 {[%mdl 512]} Rc8 (13... dxe5 14. Rxd8) 14. Nf3) 13... Qa5 $11 14. a3 Rac8 15. Rad1 Rfd8 16. Ne1 Nd7 {Hoping for ...Bg5.} 17. f4 (17. g3 $11) 17... exf4 $19 18. Qf3 (18. Qf2 $17) 18... Ne5 19. Qh5 $2 (19. Qf2) 19... Qc5+ 20. Kh1 {[#]} Nc4 $2 (20... f3 $1 $19 {[%mdl 512]} 21. Nd5 (21. Nxf3 g6) 21... Bxd5 22. Rxd5 fxe2 23. Qxe2 Qb6) 21. Qxc5 $17 dxc5 22. Rxd8+ Rxd8 23. Rxd8+ Bxd8 24. Bxc4 Bxc4 {[%mdl 4096] Endgame KBB-KNN} 25. Nd5 (25. b3 $17 {might work better.}) 25... g5 26. Nf3 (26. b3 $142 Be2 27. Kg1) 26... Kg7 $19 27. Ne5 f5 $4 {[%mdl 8192]} (27... Bxd5 $19 {avoids the disaster.} 28. exd5 Bf6) 28. Nxc4 $18 fxe4 29. Kg1 b5 $2 (29... Kf7 30. Nc3 Ke6 31. Nxe4 Kd5) 30. Nd6 e3 31. Kf1 Ba5 32. Ke2 h5 33. Ne8+ Kf7 {[#]} 34. Nef6 $2 (34. Nec7 $1 $18) 34... Kg6 $2 {[%mdl 8192]} (34... Ke6 $11 {and Black is okay.}) 35. Ne4 c4 36. Nc5 Kf5 37. Nxa6 Ke4 38. Nc3+ Bxc3 39. bxc3 {KN-KP} g4 40. hxg4 hxg4 41. Nc5+ (41. Nc7 $142 Ke5 42. Nxb5 Kf6 43. a4 Ke7 44. a5 Kd7 45. Nd4 Kc7 46. Ne6+ {[%mdl 64] Double Attack} Kd7 47. Nxf4) 41... Kd5 42. Nd7 (42. Nb7 $142 Kc6 43. Nd8+ Kd6 44. Nf7+ Ke6 45. Nh6) 42... Ke4 43. Nf6+ Kf5 44. Nd5 Ke4 {[#]} 45. Nb4 $2 (45. Nc7 $1 $18 {[%cal Rc7b5]} f3+ 46. gxf3+ gxf3+ 47. Kf1) 45... f3+ $11 {The position is equal.} 46. gxf3+ gxf3+ 47. Ke1 Ke5 $1 48. Nc6+ Kf4 $1 49. Nd4 Kg3 50. Nf5+ ({Don't blunder} 50. Nxb5 $2 Kg2 $19) 50... Kf4 51. Nd4 Kg3 52. Nf5+ $1 ({But not} 52. Nxb5 $2 Kg2 $19) 52... Kf4 53. Nd4 Kg3 {Accuracy: White = 31%, Black = 39%.} 1/2-1/2

[Event "Lilla Elite Hotels Open 2019"]
[Site "Vaxjo"]
[Date "2019.02.08"]
[Round "1.3"]
[White "Egerhag, Vilgot"]
[Black "Krohn, Johan"]
[Result "0-1"]
[WhiteElo "1502"]
[BlackElo "1255"]
[Annotator "NA RC"]
[PlyCount "78"]
[EventDate "2019.02.08"]
[EventType "swiss"]
[EventCountry "SWE"]
[SourceTitle "playchess.com"]
[Source "ChessBase"]
[SourceQuality "1"]
[TimeControl "5400+30"]

1. d4 {[%emt 1:15:23]} d5 {[%emt 1:15:22]} 2. Bf4 {[%emt 0:00:29]} e6 {[%emt 0:01:06]} 3. Nf3 {[%emt 0:00:43]} Nf6 {[%emt 0:00:32]} 4. e3 {[%emt 0:00:41]} c5 {[%emt 0:00:33]} 5. c4 {[%emt 0:00:50]} g6 {[%emt 0:00:56]} 6. Nc3 {[%emt 0:00:40]} cxd4 {[%emt 0:00:45]} 7. exd4 {[%emt 0:00:51]} Bg7 {[%emt 0:00:33]} 8. Be2 {[%emt 0:01:48]} Nc6 {[%emt 0:00:41]} 9. Bg5 {[%emt 0:01:09]} Qc7 {[%emt 0:01:52]} 10. Qd2 {[%emt 0:04:24]} b6 {[%emt 0:01:28]} 11. Bf4 {[%emt 0:00:55]} e5 {[%emt 0:05:40]} 12. dxe5 {[%emt 0:01:03]} Ne4 {[%emt 0:00:27]} 13. Nxe4 {[%emt 0:00:58]} dxe4 {[%emt 0:00:27]} 14. Nd4 {[%emt 0:01:29]} Bxe5 {[%emt 0:00:55]} 15. Nxc6 {[%emt 0:00:29]} Bxf4 {[%emt 0:00:39]} 16. Qd4 {[%emt 0:01:02]} O-O {[%emt 0:01:43]} 17. Qxe4 {[%emt 0:00:54]} Bb7 {[%emt 0:00:50]} 18. Bf3 {[%emt 0:01:25]} Rae8 {[%emt 0:00:31]} 19. O-O {[%emt 0:01:42]} Rxe4 {[%emt 0:00:28]} 20. Bxe4 {[%emt 0:00:27]} Bxc6 {[%emt 0:00:27]} 21. Rfe1 {[%emt 0:00:42]} Re8 {[%emt 0:01:39]} 22. Bxc6 {[%emt 0:00:45]} Rxe1+ {[%emt 0:00:27]} 23. Rxe1 {[%emt 0:00:27]} Qxc6 {[%emt 0:00:27]} 24. b3 {[%emt 0:00:32]} Qd6 {[%emt 0:00:42]} 25. g3 {[%emt 0:00:39]} Bg5 {[%emt 0:00:41]} 26. Re8+ {[%emt 0:00:32]} Kg7 {[%emt 0:00:26]} 27. Ra8 {[%emt 0:00:30]} Qa3 {[%emt 0:00:32]} 28. h4 {[%emt 0:00:43]} Bf6 {[%emt 0:00:29]} 29. Kg2 {[%emt 0:00:29]} Qxa2 {[%emt 0:00:27]} 30. Rc8 {[%emt 0:00:55]} Qxb3 {[%emt 0:00:31]} 31. c5 {[%emt 0:00:31]} bxc5 {[%emt 0:00:28]} 32. Rxc5 {[%emt 0:00:30]} Bd4 {[%emt 0:00:35]} 33. Ra5 {[%emt 0:01:02]} Qb6 {[%emt 0:00:32]} 34. Ra2 {[%emt 0:00:37]} a5 {[%emt 0:00:55]} 35. Ra3 {[%emt 0:00:43]} Qb4 {[%emt 0:00:29]} 36. Rd3 {[%emt 0:00:35]} a4 {[%emt 0:00:40]} 37. h5 {[%emt 0:00:40]} a3 {[%emt 0:00:30]} 38. hxg6 {[%emt 0:00:33]} hxg6 {[%emt 0:00:28]} 39. Rd1 {[%emt 0:00:31]} a2 {[%emt 0:00:28]} 0-1

[Event "Lilla Elite Hotels Open 2019"]
[Site "Vaxjo"]
[Date "2019.02.08"]
[Round "1.4"]
[White "Joensson, Kent"]
[Black "Nilsson, Hannes"]
[Result "0-1"]
[WhiteElo "1240"]
[BlackElo "1495"]
[Annotator "NA RC"]
[PlyCount "58"]
[EventDate "2019.02.08"]
[EventType "swiss"]
[EventCountry "SWE"]
[SourceTitle "playchess.com"]
[Source "ChessBase"]
[SourceQuality "1"]
[TimeControl "5400+30"]

1. d4 {[%emt 1:15:25]} Nf6 {[%emt 1:15:21]} 2. c4 {[%emt 0:00:28]} c5 {[%emt 0:00:27]} 3. Nf3 {[%emt 0:01:25]} cxd4 {[%emt 0:00:53]} 4. Nxd4 {[%emt 0:00:31]} g6 {[%emt 0:00:39]} 5. Nc3 {[%emt 0:00:55]} Bg7 {[%emt 0:00:32]} 6. Qc2 {[%emt 0:00:48]} d6 {[%emt 0:00:41]} 7. e3 {[%emt 0:00:51]} Nc6 {[%emt 0:00:57]} 8. Nf3 {[%emt 0:00:47]} Bf5 {[%emt 0:00:44]} 9. Bd3 {[%emt 0:00:41]} Bxd3 {[%emt 0:01:04]} 10. Qxd3 {[%emt 0:00:31]} O-O {[%emt 0:01:05]} 11. a3 {[%emt 0:01:37]} Rc8 {[%emt 0:00:43]} 12. b4 {[%emt 0:01:51]} Ng4 {[%emt 0:01:15]} 13. Rb1 {[%emt 0:01:36]} Nge5 {[%emt 0:00:39]} 14. Nxe5 {[%emt 0:03:10]} Nxe5 {[%emt 0:00:28]} 15. Qd2 {[%emt 0:01:34]} Rxc4 {[%emt 0:01:32]} 16. Bb2 {[%emt 0:00:57]} e6 {[%emt 0:01:55]} 17. O-O {[%emt 0:01:10]} a6 {[%emt 0:02:02]} 18. Rfd1 {[%emt 0:00:43]} d5 {[%emt 0:00:44]} 19. Ne2 {[%emt 0:00:56]} Qg5 {[%emt 0:02:25]} 20. f4 {[%emt 0:01:00]} Nf3+ {[%emt 0:00:31]} 21. Kh1 {[%emt 0:00:47]} Nxd2 {[%emt 0:00:34]} 22. fxg5 {[%emt 0:00:37]} Nxb1 {[%emt 0:00:28]} 23. Bxg7 {[%emt 0:00:37]} Kxg7 {[%emt 0:00:30]} 24. Rxb1 {[%emt 0:00:28]} Rfc8 {[%emt 0:00:32]} 25. Rf1 {[%emt 0:00:36]} Rc2 {[%emt 0:00:41]} 26. Nd4 {[%emt 0:00:30]} Rc1 {[%emt 0:00:42]} 27. Kg1 {[%emt 0:00:30]} Rxf1+ {[%emt 0:00:35]} 28. Kxf1 {[%emt 0:00:27]} Rc3 {[%emt 0:00:33]} 29. Kf2 {[%emt 0:00:31]} Rxa3 {[%emt 0:00:31]} 0-1

[Event "Lilla Elite Hotels Open 2019"]
[Site "Vaxjo"]
[Date "2019.02.08"]
[Round "2.1"]
[White "Nuha, Florijan"]
[Black "Seo, Jung Hyun"]
[Result "1/2-1/2"]
[WhiteElo "1404"]
[BlackElo "1534"]
[Annotator "NA RC"]
[PlyCount "135"]
[EventDate "2019.02.08"]
[EventType "swiss"]
[EventCountry "SWE"]
[SourceTitle "playchess.com"]
[Source "ChessBase"]
[SourceQuality "1"]
[TimeControl "900+5"]

1. d4 {[%emt 0:00:00]} Nf6 {[%emt 0:00:00]} 2. c4 {[%emt 0:00:01]} e6 {[%emt 0:00:00]} 3. Nf3 {[%emt 0:00:03]} d5 {[%emt 0:00:00]} 4. Nc3 {[%emt 0:00:06]} c6 {[%emt 0:00:00]} 5. a3 {[%emt 0:00:10]} Nbd7 {[%emt 0:00:28]} 6. cxd5 {[%emt 0:00:04]} exd5 {[%emt 0:00:01]} 7. e3 {[%emt 0:00:15]} Bd6 {[%emt 0:00:02]} 8. Be2 {[%emt 0:00:11]} O-O {[%emt 0:00:02]} 9. O-O {[%emt 0:00:07]} Re8 {[%emt 0:00:01]} 10. Qc2 {[%emt 0:00:26]} Ne4 {[%emt 0:00:19]} 11. Nxe4 {[%emt 0:00:08]} dxe4 {[%emt 0:00:24]} 12. Nd2 {[%emt 0:00:22]} f5 {[%emt 0:00:23]} 13. Nc4 {[%emt 0:00:14]} Bc7 {[%emt 0:00:59]} 14. Qb3 {[%emt 0:00:27]} Kh8 {[%emt 0:01:37]} 15. Qc2 {[%emt 0:00:46]} Nf6 {[%emt 0:00:05]} 16. Rd1 {[%emt 0:00:17]} Nd5 {[%emt 0:01:48]} 17. Ne5 {[%emt 0:01:32]} Bxe5 {[%emt 0:01:18]} 18. dxe5 {[%emt 0:00:04]} Rxe5 {[%emt 0:00:04]} 19. b4 {[%emt 0:00:23]} Qf8 {[%emt 0:02:23]} 20. Bb2 {[%emt 0:00:20]} Re8 {[%emt 0:00:45]} 21. Bc4 {[%emt 0:00:08]} Be6 {[%emt 0:00:16]} 22. b5 {[%emt 0:00:27]} Rac8 {[%emt 0:01:39]} 23. Qb3 {[%emt 0:01:33]} Qf7 {[%emt 0:01:47]} 24. bxc6 {[%emt 0:00:15]} bxc6 {[%emt 0:00:01]} 25. Bxd5 {[%emt 0:00:19]} Bxd5 {[%emt 0:00:13]} 26. Qc3 {[%emt 0:00:42]} Rf8 {[%emt 0:00:45]} 27. h4 {[%emt 0:00:38]} h6 {[%emt 0:00:35]} 28. g3 {[%emt 0:00:14]} Kh7 {[%emt 0:00:02]} 29. Qe5 {[%emt 0:01:07]} Qc7 {[%emt 0:00:24]} 30. Qd4 {[%emt 0:00:43]} Rcd8 {[%emt 0:00:14]} 31. Qc5 {[%emt 0:00:26]} Rfe8 {[%emt 0:00:31]} 32. Bc3 {[%emt 0:00:51]} Qe7 {[%emt 0:00:05]} 33. Qa5 {[%emt 0:00:50]} Rd7 {[%emt 0:00:04]} 34. Rd2 {[%emt 0:00:18]} Red8 {[%emt 0:00:01]} 35. Rad1 {[%emt 0:00:05]} Qf7 {[%emt 0:00:01]} 36. Be5 {[%emt 0:00:13]} Qe6 {[%emt 0:00:04]} 37. Bf4 {[%emt 0:00:06]} Bb3 {[%emt 0:00:09]} 38. Rxd7 {[%emt 0:00:05]} Rxd7 {[%emt 0:00:01]} 39. Rxd7 {[%emt 0:00:03]} Qxd7 {[%emt 0:00:00]} 40. Qc3 {[%emt 0:00:28]} Bd1 {[%emt 0:00:07]} 41. Qd4 {[%emt 0:00:12]} Qxd4 {[%emt 0:00:03]} 42. exd4 {[%emt 0:00:02]} Bf3 43. Bb8 {[%emt 0:00:11]} a6 {[%emt 0:00:03]} 44. Kf1 {[%emt 0:00:07]} Kg6 {[%emt 0:00:00]} 45. Ke1 {[%emt 0:00:03]} Kf7 {[%emt 0:00:02]} 46. Kd2 {[%emt 0:00:07]} Ke6 {[%emt 0:00:00]} 47. Kc3 {[%emt 0:00:08]} Kd5 {[%emt 0:00:01]} 48. Be5 {[%emt 0:00:04]} g6 {[%emt 0:00:01]} 49. Bg7 {[%emt 0:00:04]} h5 {[%emt 0:00:00]} 50. Bh6 {[%emt 0:00:18]} Be2 {[%emt 0:00:12]} 51. Be3 {[%emt 0:00:07]} Bb5 {[%emt 0:00:01]} 52. Kb4 {[%emt 0:00:03]} Ke6 {[%emt 0:00:28]} 53. Kc5 {[%emt 0:00:05]} Kd7 {[%emt 0:00:06]} 54. d5 {[%emt 0:00:19]} cxd5 {[%emt 0:00:06]} 55. Kxd5 {[%emt 0:00:03]} Ke7 {[%emt 0:00:12]} 56. Ke5 {[%emt 0:00:12]} a5 {[%emt 0:00:08]} 57. Kd5 {[%emt 0:00:07]} a4 {[%emt 0:00:01]} 58. Kc5 {[%emt 0:00:03]} Be8 {[%emt 0:00:01]} 59. Kd5 {[%emt 0:00:01]} Kf6 {[%emt 0:00:01]} 60. Kd6 {[%emt 0:00:04]} Bb5 {[%emt 0:00:06]} 61. Bd4+ {[%emt 0:00:01]} Kf7 {[%emt 0:00:02]} 62. Ke5 {[%emt 0:00:05]} Bd3 {[%emt 0:00:05]} 63. Kf4 {[%emt 0:00:11]} Bb5 {[%emt 0:00:14]} 64. f3 {[%emt 0:00:02]} exf3 {[%emt 0:00:02]} 65. Kxf3 {[%emt 0:00:02]} Ke6 {[%emt 0:00:00]} 66. Kf4 {[%emt 0:00:01]} Be8 {[%emt 0:00:02]} 67. Bc3 {[%emt 0:00:30]} Kd5 {[%emt 0:00:12]} 68. Bb4 {[%emt 0:00:07] Ke5+ Ke4+} 1/2-1/2

[Event "Lilla Elite Hotels Open 2019"]
[Site "Vaxjo"]
[Date "2019.02.08"]
[Round "2.2"]
[White "Nilsson, Hannes"]
[Black "Muntean, Adrian"]
[Result "0-1"]
[WhiteElo "1495"]
[BlackElo "1402"]
[Annotator "NA RC"]
[PlyCount "113"]
[EventDate "2019.02.08"]
[EventType "swiss"]
[EventCountry "SWE"]
[SourceTitle "playchess.com"]
[Source "ChessBase"]
[SourceQuality "1"]
[TimeControl "900+5"]

1. e4 {[%emt 0:00:00]} e5 {[%emt 0:00:00]} 2. f4 {[%emt 0:00:00]} exf4 {[%emt 0:00:00]} 3. Nf3 {[%emt 0:00:00]} Ne7 {[%emt 0:00:00]} 4. d4 {[%emt 0:00:18]} Ng6 {[%emt 0:00:00]} 5. Bc4 {[%emt 0:00:16]} d6 {[%emt 0:00:01]} 6. O-O {[%emt 0:00:12]} Be6 {[%emt 0:00:01]} 7. d5 {[%emt 0:00:19]} Bd7 {[%emt 0:00:15]} 8. Nc3 {[%emt 0:00:22]} Ne5 {[%emt 0:00:21]} 9. Nxe5 {[%emt 0:01:29]} dxe5 {[%emt 0:00:02]} 10. Qh5 {[%emt 0:00:14]} Qf6 {[%emt 0:00:53]} 11. d6 {[%emt 0:01:59]} Bxd6 {[%emt 0:00:28]} 12. Nd5 {[%emt 0:00:23]} Qg6 {[%emt 0:00:04]} 13. Qf3 {[%emt 0:01:28]} Nc6 {[%emt 0:00:20]} 14. Bd2 {[%emt 0:00:56]} Nd4 {[%emt 0:00:12]} 15. Qc3 {[%emt 0:00:44]} f5 {[%emt 0:01:36]} 16. exf5 {[%emt 0:01:40]} Bxf5 {[%emt 0:00:09]} 17. Rae1 {[%emt 0:00:49]} O-O-O {[%emt 0:01:33]} 18. Bxf4 {[%emt 0:01:11]} Rhe8 {[%emt 0:01:30]} 19. Qa5 {[%emt 0:01:50]} Nc6 {[%emt 0:00:36]} 20. Qb5 {[%emt 0:00:55]} exf4 {[%emt 0:01:09]} 21. Rxe8 {[%emt 0:00:32]} Rxe8 {[%emt 0:00:10]} 22. Nxf4 {[%emt 0:00:05]} Bxf4 {[%emt 0:00:20]} 23. Rxf4 {[%emt 0:00:02]} Re1+ {[%emt 0:00:40]} 24. Bf1 {[%emt 0:00:12]} Re5 {[%emt 0:00:24]} 25. Qc4 {[%emt 0:00:19]} Ne7 {[%emt 0:00:48]} 26. Qc3 {[%emt 0:00:10]} Qd6 {[%emt 0:00:58]} 27. Qf3 {[%emt 0:00:16]} g6 {[%emt 0:00:17]} 28. Qc3 {[%emt 0:00:17]} Qc5+ {[%emt 0:00:03]} 29. Qxc5 {[%emt 0:00:06]} Rxc5 {[%emt 0:00:01]} 30. c3 {[%emt 0:00:04]} Rd5 {[%emt 0:00:16]} 31. Bc4 {[%emt 0:00:04]} Rd1+ {[%emt 0:00:07]} 32. Kf2 {[%emt 0:00:02]} Rd2+ {[%emt 0:00:03]} 33. Kg3 {[%emt 0:00:04]} Rxb2 {[%emt 0:00:05]} 34. Kh4 {[%emt 0:00:10]} h6 {[%emt 0:00:06]} 35. g4 {[%emt 0:00:03]} Rxh2+ {[%emt 0:00:03]} 36. Kg3 {[%emt 0:00:02]} Rc2 {[%emt 0:00:14]} 37. gxf5 {[%emt 0:00:02]} Nxf5+ {[%emt 0:00:03]} 38. Kg4 {[%emt 0:00:05]} Rg2+ {[%emt 0:00:06]} 39. Kh3 {[%emt 0:00:06]} Rg3+ {[%emt 0:00:03]} 40. Kh2 {[%emt 0:00:01]} Rxc3 {[%emt 0:00:03]} 41. Be6+ {[%emt 0:00:03]} Kd8 {[%emt 0:00:06]} 42. Bxf5 {[%emt 0:00:07]} gxf5 {[%emt 0:00:04]} 43. Rxf5 {[%emt 0:00:01]} Rc2+ {[%emt 0:00:03]} 44. Kg3 {[%emt 0:00:02]} Rxa2 {[%emt 0:00:02]} 45. Rf8+ {[%emt 0:00:04]} Ke7 {[%emt 0:00:02]} 46. Rh8 {[%emt 0:00:03]} Ra6 {[%emt 0:00:01]} 47. Rh7+ {[%emt 0:00:03]} Kd6 {[%emt 0:00:17]} 48. Rxh6+ {[%emt 0:00:01]} Kc5 {[%emt 0:00:01]} 49. Rh5+ {[%emt 0:00:04]} Kd4 {[%emt 0:00:07]} 50. Rh7 {[%emt 0:00:04]} Rc6 {[%emt 0:00:03]} 51. Rh2 {[%emt 0:00:18]} a5 {[%emt 0:00:09]} 52. Kf4 {[%emt 0:00:11]} a4 {[%emt 0:00:11]} 53. Ra2 {[%emt 0:00:02]} b5 {[%emt 0:00:06]} 54. Rd2+ {[%emt 0:00:09]} Kc3 {[%emt 0:00:03]} 55. Re2 {[%emt 0:00:12]} Rc4+ {[%emt 0:00:08]} 56. Ke3 {[%emt 0:00:10]} a3 {[%emt 0:00:04]} 57. Re1 0-1

[Event "Lilla Elite Hotels Open 2019"]
[Site "Vaxjo"]
[Date "2019.02.08"]
[Round "2.3"]
[White "Andersson, Lars-Johan"]
[Black "Wennerlund, Elias"]
[Result "0-1"]
[WhiteElo "1388"]
[BlackElo "1494"]
[Annotator "NA RC"]
[PlyCount "38"]
[EventDate "2019.02.08"]
[EventType "swiss"]
[EventCountry "SWE"]
[SourceTitle "playchess.com"]
[Source "ChessBase"]
[SourceQuality "1"]
[TimeControl "900+5"]

1. e4 Nf6 2. e5 {[%emt 0:00:28]} Nd5 {[%emt 0:00:02]} 3. c4 {[%emt 0:00:08]} Nb6 {[%emt 0:00:02]} 4. c5 {[%emt 0:00:11]} Nd5 {[%emt 0:00:02]} 5. Qb3 {[%emt 0:00:34]} e6 {[%emt 0:00:05]} 6. d4 {[%emt 0:01:02]} b6 {[%emt 0:00:06]} 7. Nf3 {[%emt 0:00:37]} bxc5 {[%emt 0:00:09]} 8. Bg5 {[%emt 0:00:32]} f6 {[%emt 0:00:55]} 9. exf6 {[%emt 0:01:03]} Nxf6 {[%emt 0:00:17]} 10. Bc4 {[%emt 0:01:22]} Nc6 {[%emt 0:01:02]} 11. Ne5 {[%emt 0:01:02]} Nxd4 {[%emt 0:00:47]} 12. Qd3 {[%emt 0:02:25]} Be7 {[%emt 0:00:52]} 13. O-O {[%emt 0:00:52]} O-O {[%emt 0:01:04]} 14. f4 {[%emt 0:00:35]} d5 {[%emt 0:02:01]} 15. Nc6 {[%emt 0:02:32]} Nxc6 {[%emt 0:00:07]} 16. Rf3 {[%emt 0:00:13]} dxc4 {[%emt 0:00:06]} 17. Qc2 {[%emt 0:00:37]} Nd4 {[%emt 0:00:04]} 18. Qxc4 {[%emt 0:01:05]} Nxf3+ {[%emt 0:00:03]} 19. gxf3 {[%emt 0:00:03]} Qd4+ {[%emt 0:00:03]} 0-1

[Event "Lilla Elite Hotels Open 2019"]
[Site "Vaxjo"]
[Date "2019.02.08"]
[Round "2.4"]
[White "Morell, Oscar"]
[Black "Morell, Adam"]
[Result "1-0"]
[WhiteElo "1362"]
[BlackElo "1492"]
[Annotator "NA RC"]
[PlyCount "75"]
[EventDate "2019.02.08"]
[EventType "swiss"]
[EventCountry "SWE"]
[SourceTitle "playchess.com"]
[Source "ChessBase"]
[SourceQuality "1"]
[TimeControl "900+5"]

1. e4 {[%emt 0:00:00]} c5 {[%emt 0:00:00]} 2. Nf3 {[%emt 0:00:00]} d6 3. d4 cxd4 {[%emt 0:00:03]} 4. Nxd4 {[%emt 0:00:00]} Nf6 {[%emt 0:00:02]} 5. Nc3 {[%emt 0:00:02]} a6 {[%emt 0:00:01]} 6. Be3 {[%emt 0:00:02]} e5 {[%emt 0:00:17]} 7. Nb3 {[%emt 0:00:04]} Be6 {[%emt 0:00:19]} 8. Qd2 {[%emt 0:00:08]} Ng4 {[%emt 0:00:14]} 9. f3 {[%emt 0:00:13]} Nxe3 {[%emt 0:00:03]} 10. Qxe3 {[%emt 0:00:03]} Be7 {[%emt 0:00:10]} 11. Bd3 {[%emt 0:00:40]} Nd7 {[%emt 0:00:46]} 12. Qe2 {[%emt 0:00:11]} Rc8 {[%emt 0:00:19]} 13. O-O-O {[%emt 0:00:19]} Bxb3 {[%emt 0:00:43]} 14. axb3 {[%emt 0:00:03]} Qa5 {[%emt 0:00:52]} 15. Kb1 {[%emt 0:00:21]} Nf6 {[%emt 0:00:47]} 16. h4 {[%emt 0:00:48]} O-O {[%emt 0:00:17]} 17. g4 Rfd8 {[%emt 0:00:17]} 18. h5 {[%emt 0:00:20]} d5 {[%emt 0:00:04]} 19. g5 {[%emt 0:00:08]} dxe4 {[%emt 0:01:53]} 20. fxe4 {[%emt 0:00:16]} Ne8 {[%emt 0:01:02]} 21. g6 {[%emt 0:00:04]} fxg6 {[%emt 0:00:34]} 22. hxg6 {[%emt 0:00:04]} h6 {[%emt 0:00:03]} 23. Qe3 {[%emt 0:02:41]} Bg5 {[%emt 0:00:32]} 24. Qf3 {[%emt 0:00:24]} Nf6 {[%emt 0:01:04]} 25. Rh3 {[%emt 0:03:17]} Rf8 {[%emt 0:01:06]} 26. Qg2 {[%emt 0:00:48]} Nd7 {[%emt 0:01:00]} 27. Bc4+ {[%emt 0:00:11]} Rxc4 {[%emt 0:00:40]} 28. bxc4 {[%emt 0:00:11]} Nb6 {[%emt 0:00:49]} 29. Rf3 {[%emt 0:02:30]} Bf6 {[%emt 0:00:28]} 30. b3 {[%emt 0:00:32]} Qb4 {[%emt 0:00:33]} 31. Qd2 {[%emt 0:00:56]} Nxc4 {[%emt 0:00:11]} 32. Qd5+ {[%emt 0:00:01]} Kh8 {[%emt 0:00:25]} 33. Qxc4 {[%emt 0:00:03]} Qa3 {[%emt 0:00:51]} 34. b4 {[%emt 0:01:09]} a5 {[%emt 0:00:45]} 35. Qb3 {[%emt 0:00:20]} axb4 {[%emt 0:00:17]} 36. Qxa3 {[%emt 0:00:03]} bxa3 {[%emt 0:00:02]} 37. Nd5 {[%emt 0:00:09]} Bg5 {[%emt 0:00:09]} 38. Rxf8# 1-0